| 000 | 01897nam a2200373 i 4500 | ||
|---|---|---|---|
| 001 | ebr10960909 | ||
| 003 | CaPaEBR | ||
| 006 | m o d | ||
| 007 | cr cn||||||||| | ||
| 008 | 141031s2008 vauad ob 100 0 eng|d | ||
| 020 | _z9780784409947 | ||
| 020 | _a9780784472491 (e-book) | ||
| 040 |
_aCaPaEBR _beng _erda _epn _cCaPaEBR |
||
| 035 | _a(OCoLC)896847515 | ||
| 050 | 1 | 4 |
_aTA660.P55 _bA83 2008eb |
| 111 | 2 |
_aPipelines (Conference) _d(2008 : _cAtlanta, Georgia), _jissuing body. |
|
| 245 | 1 | 0 |
_aPipelines 2008 : _bpipeline asset management : maximizing performance of our pipeline infrastructure : proceedings of the ASCE International Pipelines Conference 2008, July 22-27, 2008, Atlanta, Georgia / _csponsored by the Pipeline Division of the American Society of Civil Engineers ; edited by Sanjiv Gokhale, Shah Rahman. |
| 264 | 1 |
_aReston, Virginia : _bAmerican Society of Civil Engineers, _c[2008] |
|
| 300 |
_a1 online resource (1342 pages) : _billustrations (some color) |
||
| 336 |
_atext _2rdacontent |
||
| 337 |
_acomputer _2rdamedia |
||
| 338 |
_aonline resource _2rdacarrier |
||
| 504 | _aIncludes bibliographical references. | ||
| 588 | _aDescription based on online resource; title from PDF title page (ebrary, viewed October 31, 2014). | ||
| 590 | _aElectronic reproduction. Palo Alto, Calif. : ebrary, 2014. Available via World Wide Web. Access may be limited to ebrary affiliated libraries. | ||
| 650 | 0 |
_aPipelines _xDesign and construction _vCongresses. |
|
| 650 | 0 |
_aPipelines _xSafety measures _vCongresses. |
|
| 655 | 0 | _aElectronic books. | |
| 700 | 1 |
_aGokhale, Sanjiv, _eeditor. |
|
| 700 | 1 |
_aRahman, Shah, _eeditor. |
|
| 710 | 2 |
_aAmerican Society of Civil Engineers. _bPipeline Division, _esponsor. |
|
| 797 | 2 | _aebrary. | |
| 856 | 4 | 0 |
_uhttp://site.ebrary.com/lib/rucke/Doc?id=10960909 _zAn electronic book accessible through the World Wide Web; click to view |
| 999 |
_c13121 _d13121 |
||